000 00528cam a2200205ua 4500
020 _c95.00
041 _aeng
_h
082 _a004.16
_bBAD/FU
100 _aRam, Badri.
245 _aFundamentals of Microprocessors and Micro computers /
_cRam Badri.
_hTextual Documents
250 _a4 /
_b.
260 _aNew Delhi :
_bDhanpat Rai Publishing Co. Pvt. Ltd. ,
_c1995.
300 _a490 ; .
365 _a95.00
500 _a19028-CSS
504 _a
942 _cBK
999 _c2770
_d2770